Piccolo compendio della storia d'Italia : esposto per biografie, contenente la storia romana, del medioevo e moderna ad uso speciale delle scuole elementari

Guardado en:
Detalles Bibliográficos
Autor principal: Parato, Antonino
Formato: Libro
Lenguaje:italiano
Publicado: Torino Paravia 1869
Catálogo:EDISCO:  Resultados de Búsqueda del Catálogo
Clasificación de libros de texto:
Materias:
Etiquetas: Agregar Etiqueta
Sin Etiquetas, Sea el primero en etiquetar este registro!
Añadido a:2016-04-30
Cambiado en:2017-10-04

MARC

LEADER 00000aam a22000005 4500
001 23825
003 OSt
005 20171004090851.0
008 160501s1869 it 000 0 ita
040 |c milena maione 
041 1 |a ita 
100 1 |a Parato, Antonino 
245 0 0 |a Piccolo compendio della storia d'Italia : esposto per biografie, contenente la storia romana, del medioevo e moderna ad uso speciale delle scuole elementari 
260 |a Torino  |b Paravia  |c 1869 
300 |a , 1x ;   |c in 12° 
510 3 |a 0,80 
901 |a 5 
650 4 |a Storia 
690 7 |a Elementare 
655 |a Sussidiario 
942 |2 ddc  |c BK 
546 |a ita 
999 |c 23813  |d 23813 
999 |c edisco:23813  |d 23813